000
00206 a2200097 4500
001
45160
100
_a
Parkinson L.R
245
_a
Aerodynamics
260
_a
New York
_b
Macmillan
_c
090
_c
28360
_d
28360
942
_a
NUST-CAE
_c
M
_c
20403
999
_c
280233
_d
280233